| 000 | 00489cam a22002051 4500 | ||
|---|---|---|---|
| 001 | sa 67004379 | ||
| 003 | DLC | ||
| 005 | 20260227112346.0 | ||
| 008 | 881028s1967 xx 000 0 beno | ||
| 010 | _asa 67004379 | ||
| 035 | _a(OCoLC)23580381 | ||
| 040 |
_aDLC _cMiU _dDLC |
||
| 042 | _apremarc | ||
| 050 | 0 | 0 |
_aPK1718.B36 _bM9 |
| 100 | 1 |
_aBasu, Ajit Krishna, _d1912- |
|
| 245 | 1 | 0 | _aMyārinā kyāṇṭina. |
| 260 | _c[1967] | ||
| 300 |
_a467 p. _c23 cm. |
||
| 500 | _aRomanized. | ||
| 999 |
_c74432 _d74432 |
||